| 000 | 00573cam a22001695a 4500 | ||
|---|---|---|---|
| 001 | L157585 | ||
| 008 | 130129s1989 xxk f 000 0 eng d | ||
| 035 | _a(Sirsi) u157585 | ||
| 041 | 0 | _aeng | |
| 110 | 2 |
_aRoyal Institution of Chartered Surveyors _bQuantity Surveyors' Division _91263 |
|
| 245 | 0 | 0 |
_aTest of professional competence _bpractice problem, September 1989, building option |
| 260 |
_aLondon _bRICS _c1989 |
||
| 300 |
_a1v. _c30cm _e+ 5 folded plans |
||
| 520 | _aPapers for exam taken on 4 and 6 September 1989. | ||
| 651 | 4 |
_aGreat Britain _y1707- |
|
| 942 | _n0 | ||
| 999 |
_c114854 _d114854 |
||